[Event "Trzcianka Dziedzic Memorial 12th"]
[Site "Trzcianka"]
[Date "2022.11.13"]
[Round "7"]
[White "Brodowski, Piotr"]
[Black "Aliavdin, Nikolai"]
[Result "0-1"]
[WhiteElo "2455"]
[BlackElo "2309"]
[PlyCount "70"]
[EventDate "2022.11.13"]
[EventType "swiss (rapid)"]
[EventRounds "9"]
[EventCountry "POL"]
[SourceTitle "CBM 211 Extra"]
[Source "ChessBase"]
[SourceDate "2023.01.31"]
[SourceVersion "1"]
[SourceVersionDate "2023.01.31"]
[SourceQuality "1"]

1. Nf3 Nf6 2. c4 e6 3. d4 c5 4. d5 d6 5. Nc3 exd5 6. cxd5 g6 7. e4 a6 8. a4 Bg4 9. Qb3 Bxf3 10. gxf3 Nbd7 11. Qxb7 Bg7 12. Bf4 Rb8 13. Qxa6 Rxb2 14. Rc1 0-0 15. Bb5 Nh5 16. Qxd6 Nxf4 17. Qxf4 Be5 18. Qe3 Bd4 19. Qf4 Bxf2+ 20. Kf1 Bd4 21. Ne2 Be5 22. Qe3 f5 23. exf5 Rxf5 24. Bd3 Rf8 25. Kg2 Bf4 26. Qe6+ Kh8 27. Rc4 Re8 28. Qf7 Ne5 29. Rxf4 Nxf7 30. Rxf7 Rbxe2+ 31. Bxe2 Rxe2+ 32. Kh3 Qxd5 33. Rf4 Qh5+ 34. Kg3 Qg5+ 35. Rg4 Qd2 0-1

[Event "Oberliga Nord O 2122"]
[Site "Germany"]
[Date "2022.01.16"]
[Round "4.1"]
[White "Leniart, Arkadiusz"]
[Black "Aliavdin, Nikolai"]
[Result "1-0"]
[WhiteElo "2465"]
[BlackElo "2321"]
[PlyCount "73"]
[EventDate "2021.10.31"]
[EventType "team-tourn"]
[EventRounds "9"]
[EventCountry "GER"]
[SourceTitle "EXT 2023"]
[Source "ChessBase"]
[SourceDate "2022.10.05"]
[SourceVersion "1"]
[SourceVersionDate "2022.10.05"]
[SourceQuality "1"]
[WhiteTeam "Glueck Auf Ruedersdorf"]
[BlackTeam "Forster"]
[WhiteTeamCountry "GER"]
[BlackTeamCountry "GER"]

1. e4 c5 2. Nf3 Nc6 3. d4 cxd4 4. Nxd4 Nf6 5. Nc3 e5 6. Ndb5 d6 7. Bg5 a6 8. Na3 b5 9. Nd5 Be7 10. Bxf6 Bxf6 11. c4 b4 12. Nc2 0-0 13. g3 a5 14. Bg2 g6 15. Nxf6+ Qxf6 16. 0-0 Bb7 17. Qd2 Ra6 18. Rad1 Nd8 19. Ne3 Ne6 20. f4 exf4 21. gxf4 Qh4 22. Nd5 Bxd5 23. cxd5 Nc5 24. e5 f6 25. Qe3 fxe5 26. fxe5 Qe7 27. Rxf8+ Kxf8 28. Rc1 Kg7 29. Qd4 Nd7 30. exd6+ Qe5 31. Qxe5+ Nxe5 32. Rc6 Ra8 33. d7 Rd8 34. Bh3 Rf8 35. Be6 Nf3+ 36. Kf2 Ng5+ 37. Ke2 1-0

[Event "Baltic Pearl IM 17th"]
[Site "Lazy"]
[Date "2021.07.01"]
[Round "5"]
[White "Aliavdin, Nikolai"]
[Black "Dubinski, Mateusz"]
[Result "1-0"]
[WhiteElo "2324"]
[BlackElo "2312"]
[PlyCount "87"]
[EventDate "2021.06.27"]
[EventType "tourn"]
[EventRounds "9"]
[EventCountry "POL"]
[EventCategory "2"]
[SourceTitle "CBM 203 Extra"]
[Source "ChessBase"]
[SourceDate "2021.09.30"]
[SourceVersion "1"]
[SourceVersionDate "2021.09.30"]
[SourceQuality "1"]

1. e4 d5 2. exd5 Nf6 3. d4 Bg4 4. Bb5+ Nbd7 5. Be2 Bxe2 6. Qxe2 Nxd5 7. c4 Nb4 8. Nf3 c5 9. d5 g6 10. 0-0 Bg7 11. a3 Na6 12. Re1 0-0 13. Qxe7 Re8 14. Qxe8+ Qxe8 15. Rxe8+ Rxe8 16. Nbd2 b5 17. cxb5 Nc7 18. Nc4 Nxb5 19. Be3 Nb6 20. Nfd2 Nxd5 21. Bxc5 Rc8 22. Be3 f5 23. a4 Nd4 24. Bxd4 Bxd4 25. Ra3 Nb6 26. b3 Nd5 27. Kf1 Nb4 28. a5 Re8 29. Nf3 Bc3 30. Ra4 g5 31. Nd6 Rb8 32. Nxg5 Nd5 33. Nxf5 Rxb3 34. Rc4 Rb8 35. a6 Re8 36. g3 Bf6 37. Ne4 Bd8 38. Ned6 Rf8 39. Rg4+ Kh8 40. Rg7 Bb6 41. Nf7+ Rxf7 42. Rxf7 Kg8 43. Rg7+ Kh8 44. Rb7 1-0

[Event "Baltic Pearl IM 17th"]
[Site "Lazy"]
[Date "2021.06.28"]
[Round "2"]
[White "Fiedorek, Michal"]
[Black "Aliavdin, Nikolai"]
[Result "0-1"]
[WhiteElo "2234"]
[BlackElo "2324"]
[PlyCount "80"]
[EventDate "2021.06.27"]
[EventType "tourn"]
[EventRounds "9"]
[EventCountry "POL"]
[EventCategory "2"]
[SourceTitle "CBM 203 Extra"]
[Source "ChessBase"]
[SourceDate "2021.09.30"]
[SourceVersion "1"]
[SourceVersionDate "2021.09.30"]
[SourceQuality "1"]

1. e4 c5 2. Nf3 e6 3. d4 cxd4 4. Nxd4 Nc6 5. Nb5 d6 6. c4 Nf6 7. N1c3 a6 8. Na3 Be7 9. Be2 0-0 10. 0-0 b6 11. Be3 Bb7 12. Rc1 Ne5 13. f3 Rc8 14. Qd2 Qc7 15. Rfd1 Rfe8 16. Bf1 Ba8 17. Kh1 Qb8 18. Na4 Rc6 19. Nc3 Rcc8 20. Na4 Nfd7 21. Qf2 d5 22. cxd5 Rxc1 23. Rxc1 exd5 24. exd5 b5 25. Nc5 Bxc5 26. Bxc5 Bxd5 27. b3 Nxc5 28. Qxc5 Bb7 29. Nb1 h5 30. Nc3 h4 31. h3 Nxf3 32. gxf3 Bxf3+ 33. Bg2 Bxg2+ 34. Kxg2 Qg3+ 35. Kh1 Qxh3+ 36. Kg1 Re3 37. Kf2 Rf3+ 38. Ke1 Qf1+ 39. Kd2 Qd3+ 40. Ke1 Rf1# 0-1

[Event "Baltic Pearl IM 17th"]
[Site "Lazy"]
[Date "2021.06.27"]
[Round "1"]
[White "Aliavdin, Nikolai"]
[Black "Budrewicz, Krzysztof"]
[Result "0-1"]
[WhiteElo "2324"]
[BlackElo "2279"]
[PlyCount "76"]
[EventDate "2021.06.27"]
[EventType "tourn"]
[EventRounds "9"]
[EventCountry "POL"]
[EventCategory "2"]
[SourceTitle "CBM 203 Extra"]
[Source "ChessBase"]
[SourceDate "2021.09.30"]
[SourceVersion "1"]
[SourceVersionDate "2021.09.30"]
[SourceQuality "1"]

1. e4 c5 2. Nf3 e6 3. c3 Nf6 4. e5 Nd5 5. d4 cxd4 6. cxd4 d6 7. Bc4 Nb6 8. Bd3 N8d7 9. Qe2 dxe5 10. dxe5 Nc5 11. Bc2 Nd5 12. 0-0 Bd7 13. Na3 Be7 14. Rd1 0-0 15. Rd4 Kh8 16. h4 a5 17. Bg5 f6 18. exf6 gxf6 19. Bh6 Rg8 20. Re1 Bf8 21. Bc1 Qe8 22. Nh2 Bc6 23. Rg4 Bd6 24. Nc4 Bc7 25. g3 Qf7 26. Be3 Nxe3 27. Qxe3 b6 28. Bd1 Rad8 29. Rxg8+ Qxg8 30. Bf3 Rd3 31. Qe2 Bxf3 32. Nxf3 Bxg3 33. Kf1 Qg4 34. Ng1 Qxc4 35. fxg3 Kg7 36. b3 Qd4 37. Nf3 Qd5 38. Ng1 Rxg3 0-1

[Event "Titled Tuesday intern op 25th May"]
[Site "Chess.com INT"]
[Date "2021.05.25"]
[Round "7"]
[White "Song, Julien"]
[Black "Aliavdin, Nikolai"]
[Result "0-1"]
[WhiteElo "2321"]
[BlackElo "2324"]
[PlyCount "70"]
[EventDate "2021.05.25"]
[EventType "swiss (blitz)"]
[EventRounds "11"]
[EventCountry "USA"]
[SourceTitle "CBM 203 Extra"]
[Source "ChessBase"]
[SourceDate "2021.09.30"]
[SourceVersion "1"]
[SourceVersionDate "2021.09.30"]
[SourceQuality "1"]

1. d4 Nf6 2. c4 c5 3. d5 e6 4. Nc3 exd5 5. cxd5 d6 6. Nf3 g6 7. e4 a6 8. a4 Bg4 9. Be2 Bxf3 10. Bxf3 Bg7 11. 0-0 Nbd7 12. g4 0-0 13. g5 Ne8 14. Ra3 Nc7 15. Be2 Re8 16. Qd3 Rb8 17. a5 b5 18. axb6 Rxb6 19. Qh3 Nb5 20. Nxb5 axb5 21. Qh4 h5 22. Rh3 Qe7 23. f3 c4 24. Bd1 Ra6 25. Bc2 Ra1 26. f4 Bd4+ 27. Kg2 Nc5 28. e5 dxe5 29. f5 e4 30. fxg6 fxg6 31. Rf6 Bxf6 32. gxf6 Qe5 33. Qf2 Rf8 34. Rg3 Qxf6 35. Qe2 Rxc1 0-1

[Event "Titled Tuesday intern op 18th May"]
[Site "Chess.com INT"]
[Date "2021.05.18"]
[Round "3"]
[White "Aliavdin, Nikolai"]
[Black "Pantsulaia, Levan"]
[Result "0-1"]
[WhiteElo "2324"]
[BlackElo "2553"]
[PlyCount "88"]
[EventDate "2021.05.18"]
[EventType "swiss (blitz)"]
[EventRounds "11"]
[EventCountry "USA"]
[SourceTitle "CBM 202 Extra"]
[Source "ChessBase"]
[SourceDate "2021.07.31"]
[SourceVersion "1"]
[SourceVersionDate "2021.07.31"]
[SourceQuality "1"]

1. e4 c5 2. Nf3 e6 3. d4 cxd4 4. Nxd4 a6 5. c4 Nf6 6. Nc3 Qc7 7. a3 Nxe4 8. Nxe4 Qe5 9. Qc2 Qxd4 10. Be3 Qe5 11. 0-0-0 Nc6 12. f4 Qc7 13. c5 Be7 14. Nd6+ Bxd6 15. Rxd6 b5 16. Kb1 Bb7 17. f5 Ne7 18. Bf4 Qc8 19. Bd3 Bd5 20. Re1 h6 21. Rb6 Bc6 22. Bd6 Nd5 23. fxe6 dxe6 24. Rxc6 Qxc6 25. Be4 0-0-0 26. Ka1 Rxd6 27. cxd6 Qxc2 28. Bxc2 Kd7 29. Be4 Kxd6 30. Rc1 f5 31. Bf3 g5 32. b4 g4 33. Bxd5 Kxd5 34. Rc7 e5 35. Kb2 h5 36. Kc3 h4 37. Kd3 h3 38. g3 f4 39. Rc5+ Kd6 40. gxf4 exf4 41. Ke4 g3 42. Kxf4 g2 43. Rc1 Rf8+ 44. Kg3 Rf1 0-1

[Event "Titled Tuesday intern op 18th May"]
[Site "Chess.com INT"]
[Date "2021.05.18"]
[Round "4"]
[White "Kim, Sergey2222"]
[Black "Aliavdin, Nikolai"]
[Result "1-0"]
[WhiteElo "2295"]
[BlackElo "2324"]
[PlyCount "29"]
[EventDate "2021.05.18"]
[EventType "swiss (blitz)"]
[EventRounds "11"]
[EventCountry "USA"]
[SourceTitle "CBM 202 Extra"]
[Source "ChessBase"]
[SourceDate "2021.07.31"]
[SourceVersion "1"]
[SourceVersionDate "2021.07.31"]
[SourceQuality "1"]

1. d4 Nf6 2. c4 g6 3. Nc3 Bg7 4. e4 0-0 5. Nge2 c6 6. Ng3 d5 7. e5 Ne8 8. h4 Nc7 9. h5 c5 10. hxg6 hxg6 11. Bh6 Bxh6 12. Rxh6 Kg7 13. Qd2 cxd4 14. Nh5+ Kg8 15. Rh8+ 1-0

[Event "Titled Tuesday intern op 04th May"]
[Site "Chess.com INT"]
[Date "2021.05.04"]
[Round "4"]
[White "Aliavdin, Nikolai"]
[Black "Sanal, Vahap"]
[Result "0-1"]
[WhiteElo "2324"]
[BlackElo "2563"]
[PlyCount "78"]
[EventDate "2021.05.04"]
[EventType "swiss (blitz)"]
[EventRounds "11"]
[EventCountry "USA"]
[SourceTitle "CBM 202 Extra"]
[Source "ChessBase"]
[SourceDate "2021.07.31"]
[SourceVersion "1"]
[SourceVersionDate "2021.07.31"]
[SourceQuality "1"]

1. e4 c5 2. Nf3 Nc6 3. d4 cxd4 4. Nxd4 Nf6 5. Nc3 d6 6. Bg5 e6 7. Qd2 a6 8. 0-0-0 h6 9. Be3 Bd7 10. f3 Ne5 11. Kb1 Qc7 12. g4 b5 13. a3 Be7 14. h4 Rb8 15. Rg1 Nc4 16. Bxc4 bxc4 17. Ka2 g6 18. g5 hxg5 19. hxg5 Nh5 20. f4 Qb7 21. Rb1 Ng7 22. Nde2 Rh2 23. Qd4 Kf8 24. Qxc4 d5 25. exd5 exd5 26. Qd4 Nf5 27. Qa7 Qc8 28. Rh1 Rxh1 29. Rxh1 Kg8 30. b3 Rb7 31. Qxa6 Nxe3 32. Qd3 Qc5 33. Nd4 Qxa3+ 34. Kb1 Ra7 35. Na4 Bxa4 36. Qxe3 Bb5 37. Qc3 Qa2+ 38. Kc1 Qa1+ 39. Qxa1 Rxa1+ 0-1

[Event "Titled Tuesday intern op 04th May"]
[Site "Chess.com INT"]
[Date "2021.05.04"]
[Round "2"]
[White "Aliavdin, Nikolai"]
[Black "Temirkanov, David"]
[Result "1-0"]
[WhiteElo "2324"]
[BlackElo "2282"]
[PlyCount "79"]
[EventDate "2021.05.04"]
[EventType "swiss (blitz)"]
[EventRounds "11"]
[EventCountry "USA"]
[SourceTitle "CBM 202 Extra"]
[Source "ChessBase"]
[SourceDate "2021.07.31"]
[SourceVersion "1"]
[SourceVersionDate "2021.07.31"]
[SourceQuality "1"]

1. e4 Nc6 2. Nf3 d6 3. d4 g6 4. d5 Nb8 5. Nc3 Bg7 6. h3 Nf6 7. Be2 0-0 8. 0-0 c6 9. Re1 Nbd7 10. Bf1 Qc7 11. Bg5 a5 12. Qd2 Re8 13. Rad1 Nc5 14. b3 Bd7 15. Nd4 Qb6 16. dxc6 bxc6 17. e5 dxe5 18. Rxe5 Rad8 19. Qe1 Ne6 20. Be3 Qc7 21. Nxe6 Bxe6 22. Rxd8 Rxd8 23. Bf4 Qd7 24. Rxa5 Nh5 25. Be5 Qd2 26. Qxd2 Rxd2 27. Ra8+ Bf8 28. Bd3 f6 29. Bd4 Nf4 30. Be3 Rxd3 31. cxd3 Nh5 32. Bh6 Ng7 33. Ne4 Kf7 34. Nc5 Bf5 35. a4 g5 36. a5 Ne8 37. Bxf8 Kxf8 38. a6 Kf7 39. Rxe8 Kxe8 40. a7 1-0

[Event "Titled Tuesday intern op 04th May"]
[Site "Chess.com INT"]
[Date "2021.05.04"]
[Round "7"]
[White "Escobar Forero, Alder"]
[Black "Aliavdin, Nikolai"]
[Result "1/2-1/2"]
[WhiteElo "2510"]
[BlackElo "2324"]
[PlyCount "164"]
[EventDate "2021.05.04"]
[EventType "swiss (blitz)"]
[EventRounds "11"]
[EventCountry "USA"]
[SourceTitle "CBM 202 Extra"]
[Source "ChessBase"]
[SourceDate "2021.07.31"]
[SourceVersion "1"]
[SourceVersionDate "2021.07.31"]
[SourceQuality "1"]

1. d4 Nf6 2. Bg5 e6 3. e4 h6 4. Bxf6 Qxf6 5. Nc3 d6 6. Qd2 g5 7. 0-0-0 Bg7 8. h4 Bd7 9. Nf3 g4 10. e5 Qe7 11. Nh2 h5 12. f4 gxf3 13. Nxf3 Bh6 14. Ng5 Nc6 15. exd6 cxd6 16. d5 Ne5 17. dxe6 fxe6 18. Qxd6 Qxd6 19. Rxd6 Nf7 20. Rd4 Nxg5 21. hxg5 Bxg5+ 22. Kb1 Bf6 23. Rc4 Bc6 24. Ne4 0-0-0 25. Be2 Be5 26. Rxh5 Rxh5 27. Bxh5 Rh8 28. g4 Rf8 29. c3 Rf4 30. Nd2 Rf2 31. Ne4 Re2 32. Bg6 Kc7 33. Nc5 Bd5 34. Ra4 Bd6 35. Nd3 a6 36. c4 Bc6 37. Ra5 Rg2 38. c5 Bh2 39. Nb4 Rxg4 40. Nxc6 Kxc6 41. Be8+ Kc7 42. Ra3 Bg1 43. Rc3 Bd4 44. Rc2 Rg1+ 45. Rc1 Rg2 46. Rc2 Rg5 47. Bf7 e5 48. b4 Rg1+ 49. Rc1 Rg2 50. Rc2 Rg4 51. Bc4 e4 52. a3 e3 53. Ka2 Rg1 54. Re2 Rc1 55. Bd3 Rc3 56. Bc2 a5 57. bxa5 Bxc5 58. Bb3 Kd6 59. Kb2 Bd4 60. Ka2 Ke5 61. Rh2 Rd3 62. Bc4 Rd1 63. Kb3 Rb1+ 64. Ka4 Kf4 65. a6 bxa6 66. Bxa6 Rb6 67. Bb5 Kg3 68. Rc2 Kf3 69. Kb4 Rb8 70. a4 Be5 71. a5 Bd6+ 72. Ka4 Kf4 73. a6 Be5 74. Re2 Bd4 75. Rc2 Ke5 76. Rc7 Kf4 77. Re7 Kf3 78. Rf7+ Kg3 79. Rd7 Bb6 80. Rg7+ Kf2 81. Rb7 Rxb7 82. axb7 Bc7 1/2-1/2

[Event "Titled Tuesday intern op 27th Apr"]
[Site "Chess.com INT"]
[Date "2021.04.27"]
[Round "3"]
[White "Aliavdin, Nikolai"]
[Black "Svane, Rasmus"]
[Result "0-1"]
[WhiteElo "2324"]
[BlackElo "2613"]
[PlyCount "60"]
[EventDate "2021.04.27"]
[EventType "swiss (blitz)"]
[EventRounds "11"]
[EventCountry "USA"]
[SourceTitle "CBM 202 Extra"]
[Source "ChessBase"]
[SourceDate "2021.07.31"]
[SourceVersion "1"]
[SourceVersionDate "2021.07.31"]
[SourceQuality "1"]

1. e4 c6 2. d4 d5 3. e5 Bf5 4. h4 h5 5. Bd3 Bxd3 6. Qxd3 Qa5+ 7. Nd2 e6 8. Ne2 Nh6 9. 0-0 Nf5 10. Nf3 Qa6 11. Qd1 Be7 12. g3 c5 13. c3 Nc6 14. a3 Rc8 15. Bg5 cxd4 16. Bxe7 d3 17. Nf4 Ncxe7 18. Nxd3 Rc4 19. Re1 0-0 20. Ng5 Rg4 21. Kh2 Ng6 22. Nh3 d4 23. Ndf4 Nxf4 24. Nxf4 dxc3 25. bxc3 g6 26. Rb1 Qc6 27. Qd2 Nxh4 28. gxh4 Rxh4+ 29. Kg3 Rg4+ 30. Kh3 Qf3+ 0-1

[Event "Titled Tuesday intern op 20th Apr"]
[Site "Chess.com INT"]
[Date "2021.04.20"]
[Round "1"]
[White "Aliavdin, Nikolai"]
[Black "Pandey, Srishti"]
[Result "1-0"]
[WhiteElo "2324"]
[BlackElo "2026"]
[PlyCount "71"]
[EventDate "2021.04.20"]
[EventType "swiss (blitz)"]
[EventRounds "11"]
[EventCountry "USA"]
[SourceTitle "CBM 202 Extra"]
[Source "ChessBase"]
[SourceDate "2021.07.31"]
[SourceVersion "1"]
[SourceVersionDate "2021.07.31"]
[SourceQuality "1"]

1. e4 e6 2. d4 d5 3. Nc3 Bb4 4. e5 c5 5. a3 Bxc3+ 6. bxc3 Qc7 7. a4 Ne7 8. Nf3 b6 9. Bb5+ Bd7 10. Bd3 Nbc6 11. Ba3 Na5 12. 0-0 Ng6 13. g3 Bxa4 14. h4 h6 15. h5 Ne7 16. Nh4 Bd7 17. Qg4 c4 18. Qxg7 Rg8 19. Qf6 Ba4 20. Bh7 Rf8 21. Bd6 Qd7 22. Rxa4 Nac6 23. Rfa1 0-0-0 24. Qxh6 Rh8 25. Qg7 Nf5 26. Nxf5 exf5 27. h6 Rde8 28. f4 a5 29. R4a2 Nd8 30. Rb2 Kb7 31. Rxa5 Ne6 32. Qf6 Rxh7 33. Rab5 Ra8 34. Rxb6+ Ka7 35. R6b4 Ka6 36. Ra2+ 1-0

[Event "Titled Tuesday intern op 20th Apr"]
[Site "Chess.com INT"]
[Date "2021.04.20"]
[Round "3"]
[White "Aliavdin, Nikolai"]
[Black "Timmermans, Mark"]
[Result "0-1"]
[WhiteElo "2324"]
[BlackElo "2385"]
[PlyCount "46"]
[EventDate "2021.04.20"]
[EventType "swiss (blitz)"]
[EventRounds "11"]
[EventCountry "USA"]
[SourceTitle "CBM 202 Extra"]
[Source "ChessBase"]
[SourceDate "2021.07.31"]
[SourceVersion "1"]
[SourceVersionDate "2021.07.31"]
[SourceQuality "1"]

1. e4 e5 2. Nf3 Nc6 3. Bb5 f5 4. Nc3 fxe4 5. Nxe4 d5 6. Nxe5 dxe4 7. Nxc6 Qg5 8. Qe2 Nf6 9. Ne5+ c6 10. f4 Qxf4 11. d4 Qh4+ 12. g3 Qh3 13. Bc4 Be6 14. Bf4 0-0-0 15. 0-0-0 Bd6 16. Rhf1 Rhf8 17. Kb1 Bc7 18. g4 Nd5 19. Qxe4 Bxg4 20. Nxg4 Qxg4 21. h3 Rxf4 22. Qxd5 Qxd1+ 23. Rxd1 cxd5 0-1

[Event "Titled Tuesday intern op 20th Apr"]
[Site "Chess.com INT"]
[Date "2021.04.20"]
[Round "6"]
[White "Mikhalsky, Vladimir"]
[Black "Aliavdin, Nikolai"]
[Result "0-1"]
[WhiteElo "2290"]
[BlackElo "2324"]
[PlyCount "74"]
[EventDate "2021.04.20"]
[EventType "swiss (blitz)"]
[EventRounds "11"]
[EventCountry "USA"]
[SourceTitle "CBM 202 Extra"]
[Source "ChessBase"]
[SourceDate "2021.07.31"]
[SourceVersion "1"]
[SourceVersionDate "2021.07.31"]
[SourceQuality "1"]

1. c4 e5 2. Nc3 Nf6 3. g3 Bb4 4. Nd5 Nxd5 5. cxd5 0-0 6. Bg2 d6 7. a3 Bc5 8. e3 a5 9. Ne2 f5 10. d4 Bb6 11. dxe5 dxe5 12. Bd2 Nd7 13. Bc3 Qe7 14. Qb3 Kh8 15. 0-0 Nf6 16. Rad1 Bc5 17. Qc4 Bd6 18. h3 b6 19. Qh4 Ba6 20. Rfe1 Qf7 21. f4 Bxe2 22. Rxe2 e4 23. Bxf6 gxf6 24. g4 fxg4 25. hxg4 Rg8 26. Kh1 f5 27. g5 Rg6 28. Bh3 Rag8 29. Rh2 Be7 30. Qe1 R8g7 31. Qc3 Kg8 32. Qc6 Rxc6 33. dxc6 Bd6 34. Rc2 Qb3 35. Rdc1 Qxe3 36. Bxf5 Qxf4 37. Be6+ Kh8 0-1